Entrepreneurial management in small firms (Record no. 1306326)

MARC details
000 -LEADER
fixed length control field 00542nam a2200193Ia 4500
005 - DATE AND TIME OF LATEST TRANSACTION
control field 20250326145104.0
008 - FIXED-LENGTH DATA ELEMENTS--GENERAL INFORMATION
fixed length control field 250326s9999 xx 000 0 und d
037 ## - SOURCE OF ACQUISITION
Stock number Textbook
040 ## - CATALOGING SOURCE
Original cataloging agency FMSL
Language of cataloging eng
Transcribing agency FMSL
041 ## - LANGUAGE CODE
Language code of text/sound track or separate title eng
Source of code eng
084 ## - COLON CLASSIFICATION NUMBER
Classification number X9W:8 P9
Assigning agency FMSL
100 ## - MAIN ENTRY--PERSONAL NAME
Personal name Chaston I
9 (RLIN) 742516
245 #0 - TITLE STATEMENT
Title Entrepreneurial management in small firms
Statement of responsibility, etc. Chaston I
260 ## - PUBLICATION, DISTRIBUTION, ETC.
Place of publication, distribution, etc. New Delhi
Name of publisher, distributor, etc. New Delhi, Sage
Date of publication, distribution, etc. 2009
365 ## - TRADE PRICE
Price amount 2066.4072000000001
650 ## - SUBJECT ADDED ENTRY--TOPICAL TERM
Topical term or geographic name entry element Management
942 ## - ADDED ENTRY ELEMENTS (KOHA)
Koha item type Textbook
Classification part X9W:8 P9
Holdings
Withdrawn status Lost status Damaged status Not for loan Home library Current library Date acquired Source of acquisition Cost, normal purchase price Total Checkouts Full call number Barcode Date last seen Price effective from Koha item type
        Faculty of Management Library Faculty of Management Library 2025-03-26 Sunrise Books 2066.41   X9W:8 P9 ML1489467 2025-03-26 2025-03-26 Textbook
Copyright @ Delhi University Library System